Technological Change in Modern Surgery (Record no. 92787)

MARC details
000 -LEADER
fixed length control field 01900namaa2200409uu 4500
001 - CONTROL NUMBER
control field doab37999
003 - CONTROL NUMBER IDENTIFIER
control field oapen
005 - DATE AND TIME OF LATEST TRANSACTION
control field 20260305123947.0
006 - FIXED-LENGTH DATA ELEMENTS--ADDITIONAL MATERIAL CHARACTERISTICS
fixed length control field m o d
007 - PHYSICAL DESCRIPTION FIXED FIELD--GENERAL INFORMATION
fixed length control field cr|mn|---annan
008 - FIXED-LENGTH DATA ELEMENTS--GENERAL INFORMATION
fixed length control field 210210s2017 xx |||||o ||| 0|eng d
040 ## - CATALOGING SOURCE
Original cataloging agency oapen
Transcribing agency oapen
041 0# - LANGUAGE CODE
Language code of text/sound track or separate title eng
042 ## - AUTHENTICATION CODE
Authentication code dc
072 #7 - SUBJECT CATEGORY CODE
Subject category code M
Source bicssc
245 00 - TITLE STATEMENT
Title Technological Change in Modern Surgery
Remainder of title Historical Perspectives on Innovation
260 ## - PUBLICATION, DISTRIBUTION, ETC.
Place of publication, distribution, etc. Rochester
Name of publisher, distributor, etc. University of Rochester Press
Date of publication, distribution, etc. 2017
300 ## - PHYSICAL DESCRIPTION
Extent 1 online resource (244 p.)
336 ## - CONTENT TYPE
Content type term text
Content type code txt
Source rdacontent
337 ## - MEDIA TYPE
Media type term computer
Media type code c
Source rdamedia
338 ## - CARRIER TYPE
Carrier type term online resource
Carrier type code cr
Source rdacarrier
490 1# - SERIES STATEMENT
Series statement Rochester Studies in Medical History
506 0# - RESTRICTIONS ON ACCESS NOTE
Terms governing access Free-to-read
Standardized terminology for access restriction Unrestricted online access
Source of term star
520 ## - SUMMARY, ETC.
Summary, etc. Surgery is an ideal field for examining the processes of technological change in medicine. The contributors to this book go beyond the concept of innovation, with its focus on a single technology and its sharp dichotomy of acceptance versus rejection. Instead they explore the historical contexts of change in surgery, looking at the complex dynamics of the various treatment options available -- old and new, surgical and nonsurgical -- as well as the variable character of the new technologies themselves, thus broadening and transcending the notion of technological innovation.
540 ## - TERMS GOVERNING USE AND REPRODUCTION NOTE
Terms governing use and reproduction All rights reserved
Uniform Resource Identifier <a href="http://oapen.org/content/about-rights">http://oapen.org/content/about-rights</a>
546 ## - LANGUAGE NOTE
Language note English
650 #7 - SUBJECT ADDED ENTRY--TOPICAL TERM
Topical term or geographic name entry element Medicine
Source of heading or term bicssc
653 ## - INDEX TERM--UNCONTROLLED
Uncontrolled term medicine
653 ## - INDEX TERM--UNCONTROLLED
Uncontrolled term Surgery
653 ## - INDEX TERM--UNCONTROLLED
Uncontrolled term technological change
720 1# - ADDED ENTRY--UNCONTROLLED NAME
Name Schlich, Thomas
Relationship edt
720 1# - ADDED ENTRY--UNCONTROLLED NAME
Name Crenner, Christopher
Relationship edt
720 1# - ADDED ENTRY--UNCONTROLLED NAME
Name Crenner, Christopher
Relationship oth
720 1# - ADDED ENTRY--UNCONTROLLED NAME
Name Schlich, Thomas
Relationship oth
793 0# -
-- DOAB Library.
856 40 - ELECTRONIC LOCATION AND ACCESS
Uniform Resource Identifier <a href="https://directory.doabooks.org/handle/20.500.12854/37999">https://directory.doabooks.org/handle/20.500.12854/37999</a>
Access status 0
Public note Free-to-read: DOAB: description of the publication

No items available.

Powered by Koha